Analiz sravniteľnych preimmušestv i vnutriotraslevoj torgovli meždu Jevropejskim Sojuzom i Jevroazijskim ekonomičeskim sojuzom na soveremennom etape

Na vývoj zahraničnoobchodných vzťahov medzi Európskou úniou (EÚ) a Euroázijskou hospodárskou úniou (EAEU) vplýva mnoho historických, politických, ekonomických a iných faktorov. EÚ považuje EAEU za dôležitého partnera z hľadiska dovozu strategických surovín a geografických prepojení na euroázijský ko...

Ausführliche Beschreibung

Gespeichert in:
Bibliographische Detailangaben
1. Verfasser: Kašťáková, Elena, 1974-
Weitere Verfasser: Luptáková, Anabela, 1995-
Format: Buchkapitel
Sprache:Russisch
Schlagworte:
Tags: Tag hinzufügen
Keine Tags, Fügen Sie das erste Tag hinzu!

MARC

LEADER 00000naa a2200000 4500
001 0273325
005 20240502083833.2
041 0 |a rus 
044 |a RU 
245 1 0 |a Analiz sravniteľnych preimmušestv i vnutriotraslevoj torgovli meždu Jevropejskim Sojuzom i Jevroazijskim ekonomičeskim sojuzom na soveremennom etape  |c Elena Kašťáková, Anabela Luptáková 
520 |a Na vývoj zahraničnoobchodných vzťahov medzi Európskou úniou (EÚ) a Euroázijskou hospodárskou úniou (EAEU) vplýva mnoho historických, politických, ekonomických a iných faktorov. EÚ považuje EAEU za dôležitého partnera z hľadiska dovozu strategických surovín a geografických prepojení na euroázijský kontinent. Európska únia má s EAEU dlhodobo negatívnu obchodnú bilanciu. Vzájomné zahraničnoobchodné vzťahy boli významne ovplyvnené nielen sankciami medzi EÚ a Ruskom, ale aj nepriaznivou dynamikou cien na svetových trhoch s komoditami s energiou, čo viedlo k zníženiu ich vzájomného obchodu. 
610 2 0 |a obchod medzinárodný 
610 2 0 |a výhody komparatívne 
610 2 0 |a obchod štátny 
610 2 0 |a priemysel 
610 2 0 |a sankcie 
100 1 |a Kašťáková, Elena, 1974- 
700 1 |a Luptáková, Anabela, 1995-